[Event "Herzliya"]
[Site "Herzliya"]
[Date "1998.09.09"]
[Round "4"]
[White "Schlosser, Philipp"]
[Black "Wells, Peter K"]
[Result "1/2-1/2"]
[WhiteElo "2505"]
[BlackElo "2515"]
[Annotator "Ribli,Z"]
[PlyCount "35"]
[EventDate "1998.09.??"]
[EventType "tourn"]
[EventRounds "11"]
[EventCountry "ISR"]
[EventCategory "10"]
[SourceTitle "EXT 1999"]
[Source "ChessBase"]
[SourceDate "1998.11.16"]
[SourceVersion "1"]
[SourceVersionDate "1998.11.16"]
[SourceQuality "1"]

1. c4 Nf6 2. Nc3 e6 3. e4 {Das ist die scharfe "Mikenas-Variante". Gewöhnlich
führt die Englische Eröffnung zu ruhigem Spiel, aber hier können konkrete
taktische Verwicklungen entstehen. Ribli.} d5 {Das ist die prinzipielle
Antwort. Die andere Möglichkeit wäre 3...c5.} 4. e5 d4 5. exf6 dxc3 6. bxc3
Qxf6 7. Nf3 {Das ist die heutzutage beliebte Zugfolge. Die alte Fortsetzung
war 7.d4, aber dann erlangt Schwarz mit 7...e5 8.Nf3 exd4 gleiches Spiel und
nach 8.Qe2 Be7 9.dxe5 Qg6 hat er Kompensation.} e5 8. Bd3 {Weiß spielt noch
nicht d2-d4, entwickelt zuerst die Figuren.} Na6 {[%cal Ga6c5]} (8... Bd6 9.
O-O Na6 {Das ist nur Zugumstellung zur Partievariante.} (9... c6 10. Rb1 Na6 {
[%cal Ga6c5]} 11. Re1 O-O 12. Nxe5 Bxe5 13. Qh5 Bxh2+ 14. Qxh2 (14. Kxh2 Qd6+
$19 {[%cal Rd6h2,Rd6d3]}) 14... Bf5 $11) (9... Nc6 10. Rb1)) 9. O-O Bd6 10. Re1
{[%cal Ge1e8]} (10. Bc2 Bg4 (10... O-O 11. d4 exd4 12. cxd4 Bf5 13. Rb1 Rab8
14. Bg5 Qg6 15. Bxf5 Qxf5 16. Re1 h6 17. Bh4 c5 {1/2-1/2 Hauchard,A-Levacic,D/
FRA-chT 1993/TD (65)}) 11. d4 Bxf3 (11... O-O-O 12. Be4 Bxf3 13. Bxf3 c6 14.
Rb1 exd4 15. cxd4 Rhe8 16. Qa4 Re7 17. Bg4+ {1-0 Vanderwaeren,S-Praet,M/Geel
1996/EXT 98 (17)}) 12. Qxf3 Qxf3 13. gxf3 exd4 (13... O-O-O 14. Rb1 c5 15. Be4
b6 16. dxe5 Bxe5 17. Rb3 Nb8 18. Be3 Kc7 19. Rfb1 Nc6 20. Bd5 Rd7 21. f4 {
1/2-1/2 Gelfand,B-Jussupow,A/Erevan 1996/EXT 97 (21)}) 14. Re1+ Kd8 15. Be4 Rb8
16. cxd4 c5 17. Be3 Kc7 18. Rab1 Rhd8 19. d5 b6 20. f4 Re8 21. Bd2 Re7 22. Bxh7
Rxe1+ 23. Rxe1 Rh8 24. Bb1 Rh4 {0-1 Milov,V-Dizdar,G/Dresden 1998/CBM 65 (39)})
10... O-O {[#]} (10... Bg4 11. Be4 Nc5 $5) 11. Nxe5 (11. Qc2 Kh8 12. Be4 Nc5
13. d4 Nxe4 14. Qxe4 exd4 15. cxd4 c6 16. Bg5 Qf5 17. Qxf5 Bxf5 18. Be7 Bxe7
19. Rxe7 Rab8 20. Ne5 Kg8 {Weiß hat eine aktive Stellung, aber mit guten
Verteidigungszügen gleicht Schwarz aus.} 21. g4 Be6 22. Rb1 Rbd8 23. Rbxb7 Rxd4
24. h3 a5 25. Ra7 Bxc4 {1/2-1/2 Miles,A-Oll,L/Szeged 1997/CBM 62 (25)}) 11...
Re8 $5 $146 {[#]Schwarz hat Entwicklungsvorteil und aktives Figurenspiel,
während die weißen Figuren ein wenig unnatürlich stehen.} (11... Nc5 12. Bc2
Bxe5 13. Qh5 Bxh2+ 14. Kxh2 Qd6+ 15. Qe5 Qxe5+ 16. Rxe5 Ne6 17. d4 Bd7 18. c5
Rfe8 19. Rb1 b6 20. Be4 Rad8 21. c6 {1-0 Van Wely,L-Oll,L/Beijing 1997/CBM 61 
(55)}) (11... Bxe5 12. Qh5 Bxh2+ 13. Qxh2 Bf5 $11 {[%csl Rc1] Die schwarze
Stellung ist bequem und der weiße Damenläufer steht etwas passiv.}) 12. Nf3 Bg4
$44 {Schwarz hat lebendes Figurenspiel für den Bauern erlangt. Die Stellung
ist jetzt sehr kompliziert.} 13. Re3 (13. Be2 Nb4 $5 {[%cal Gf6a1]} (13... Nc5
$6 14. d4 Ne4 15. Qc2 $16) (13... Bxf3 14. Bxf3 Rxe1+ 15. Qxe1 Qf4 {[%cal
Rd6h2]} (15... Nb4 {[%cal Rb4c2,Rc2e1,Rc2a1,Gf6a1]} 16. Qe4 $16) (15... Nc5 16.
d4 Nd3 17. Qe3 Nxc1 18. Qxc1 $16) 16. d4 Qxh2+ 17. Kf1 c6 (17... Qh1+ 18. Ke2
Re8+ 19. Be3 Qxe1+ 20. Rxe1 c6 21. Rb1 $14) 18. Rb1 $14 {[%csl Ra6]}) 14. c5 $5
(14. Rb1 Bxf3 15. Bxf3 Rxe1+ 16. Qxe1 Qf4 {[%cal Rd6h2]} 17. d4 Qxh2+ 18. Kf1
Nd3 19. Qd1 Nxc1 $15 {[%csl Rf1]}) (14. Bb2 Bxf3 15. Bxf3 Rxe1+ 16. Qxe1 Nc2
$17 {[%cal Rc2e1,Rc2a1]}) (14. d4 Bxf3 15. cxb4 Rxe2 (15... Bxe2 16. Rxe2 Rxe2
17. Qxe2 Qxd4 18. Bb2 $11) 16. Rxe2 Qg6 $17) (14. Ba3 Bxf3 15. Bxf3 Rxe1+ 16.
Qxe1 Nc2 $19 {[%cal Rc2e1,Rc2a1,Rc2a3]}) 14... Bxf3 (14... Bxc5 15. cxb4 (15.
d4 $6 Bxf3 16. gxf3 Nd5 $1 17. Bd2 (17. dxc5 Nxc3 $19 {[%cal Rf6a1]}) 17... Bd6
$17 {[%csl Gd5,Gd6,Yf4,Gf6,Rg1] Weiß hat viele Schwächen am Königsflügel.})
15... Bxf2+ 16. Kxf2 Qxa1 $13) 15. cxd6 (15. Bxf3 Rxe1+ 16. Qxe1 Nc2 17. Qd1
Re8 $5 {[%cal Re8e1,Re1g1,Re1d1]} (17... Bxh2+ 18. Kxh2 Nxa1 19. Bb2 Re8 20.
Bxa1 (20. Qxa1 $2 Qf4+ 21. Kg1 Qxd2 $15 {[%csl Ra1,Gd2,Rg1]}) 20... Qh6+ 21.
Kg1 Qe6 {[%cal Re8e1,Re1a1,Re1g1]} 22. Kf1 Qxa2 23. Bxb7 $14) 18. Bb2 Re1+ 19.
Qxe1 Nxe1 20. Rxe1 Bf8 $13 21. Bxb7 Qg5 {[%cal Rg5d2,Rd2e1,Rd2b2,Rg5c5]}) 15...
Bxe2 16. Rxe2 Rxe2 17. Qxe2 cxd6 $11) (13. Rxe8+ Rxe8 14. Bf1 (14. Be2 $6 Nb4
$1 {[%cal Gf6a1]} 15. d4 (15. c5 Bxc5 16. d4 (16. Ba3 Bxf3 17. Bxf3 Bxf2+ $1
18. Kxf2 Nd3+ 19. Kf1 Qb6 $19 {[%csl Rf1][%cal Rb6f2]}) 16... Bxf3 17. Bxf3 Nc2
18. Bd2 Nxa1 19. dxc5 Rd8 $19 {[%cal Rd8d1]}) (15. Ba3 Nc2 16. Qxc2 (16. Bxd6
Nxa1 17. Be5 (17. Ba3 Nc2 18. Bb2 (18. Qxc2 Rxe2 $19) 18... Bxf3 19. gxf3 Qe5
$19 {[%cal Re8e1]}) 17... Qa6 18. Qxa1 Bxf3 $17) 16... Rxe2 $40) (15. Bb2 Bxf3
16. Bxf3 Nd3 17. Rb1 Bxh2+ $1 18. Kxh2 Qh4+ 19. Kg1 Qxf2+ 20. Kh2 Re6 $19 {
[%csl Rh2]}) (15. Rb1 $2 Bxf3 16. Bxf3 Nd3 $19 {[%csl Gd3,Ge8][%cal Re8e1,
Re1g1,Re1d1]}) 15... Bxf3 16. Bxf3 Nc2 {[%cal Re8e1,Re1g1,Re1d1,Rc2a1]} 17. Bg5
Qg6 $17) 14... Nc5 (14... Qf4 15. d4 Qxh2+ 16. Nxh2 Bxd1 17. Be3 $14) (14...
Nb4 $6 15. d4 Bxf3 16. Qxf3 Qxf3 17. gxf3 Nc2 18. Rb1 Re1 19. c5 Bf8 (19... Bf4
$2 20. Rxb7 $18 {[%cal Rb7b8,Rb8g8,Rc1f4]}) 20. Kg2 {[%cal Gf1d3]} Na3 21. Rb3
Rxc1 22. Rxa3 $16) 15. d4 Ne4 16. c5 (16. Qd3 Bxf3 17. Qxf3 Qxf3 18. gxf3 Nxc3
19. c5 Bf8 $13 {Das ist nur Zugumstellung zur 16.c5-Variante.}) 16... Bf8 (
16... Bf4 17. Qd3 $16) (16... Nxc3 $2 17. Qd3 Bxf3 18. Qxc3 $18 {[%cal Rc5d6,
Rc3f3]}) 17. Bb2 (17. Qd3 Bxf3 18. Qxf3 Qxf3 19. gxf3 Nxc3 $13) 17... Ng5 18.
Be2 Nxf3+ (18... Rxe2 19. Qxe2 Nxf3+ (19... Bxf3 20. gxf3 Nxf3+ 21. Kg2 Nh4+
22. Kh3 $1 $14 {In Wirklichkeit steht der König nicht so schlecht auf h3.}) 20.
gxf3 Bxf3 21. Qe5 $14 (21. Qe3 Qg6+ 22. Kf1 Qg2+ 23. Ke1 $14)) 19. Bxf3 Bxf3
20. Qxf3 Qxf3 21. gxf3 Re2 22. Rb1 $11 {[%csl Ge2][%cal Re2a2,Re2h2] Der
schwarze Turm steht auf e2 ausgezeichnet.}) 13... Rxe3 $5 (13... Rad8 14. Be2)
14. fxe3 (14. dxe3 Qxc3 $17 {[%csl Gc3]} (14... Bxf3 15. gxf3 Rd8 $17)) 14...
Bxh2+ 15. Kxh2 Qd6+ {[%cal Rd6d3,Rd6h2] Das ist ein typisches taktisches Motiv
in dieser Variante.} 16. Kg1 Qxd3 $15 {[%csl Gd3,Gg4] Schwarz hat bessere
Bauernstruktur und starke Kontrolle über die weißen Felder, während der weiße
Läufer c1 schlecht steht.} 17. Qf1 (17. Ne5 Qxe3+ 18. dxe3 Bxd1 $17 {[%csl Rc3,
Rc4,Gd1]}) 17... Bf5 (17... Qxf1+ 18. Kxf1 Re8 $15) 18. Qxd3 {Hier wurde die
Partie remis gegeben. Meines Erachtens hat Schwarz die besseren Aussichten
dank seines positionellen Drucks auf den weißen Feldern.} (18. Qxd3 Bxd3 19.
Ne5 Bf5 $15 {Und Schwarz läßt ...f7-f6 folgen.}) 1/2-1/2

[Event "Rubinstein Memorial 33rd"]
[Site "Polanica Zdroj"]
[Date "1996.??.??"]
[Round "10"]
[White "Gulko, Boris F"]
[Black "Huebner, Robert"]
[Result "1-0"]
[WhiteElo "2615"]
[BlackElo "2595"]
[Annotator "Ribli,Z"]
[PlyCount "79"]
[EventDate "1996.08.15"]
[EventType "tourn"]
[EventRounds "11"]
[EventCountry "POL"]
[EventCategory "15"]
[SourceTitle "CBM 055"]
[Source "ChessBase"]
[SourceDate "1996.12.01"]
[SourceVersion "1"]
[SourceVersionDate "1996.12.01"]
[SourceQuality "1"]

1. c4 {Kortschnoj} Nf6 2. Nc3 e6 3. e4 d5 (3... c5) 4. e5 d4 5. exf6 dxc3 6.
bxc3 Qxf6 7. d4 (7. Nf3 b6 $1 (7... e5 8. Bd3 Bd6 9. O-O O-O 10. Re1 Nc6 11.
Qc2 h6 12. Be4 Bd7 13. Bb2 Rae8 14. d4 $36 {Sunye Neto,J-Ashley,M,New York
CITS,1996,CBM52.}) (7... Nc6 8. d4 e5 9. Bg5 Qg6 10. d5 Nb8 11. Bd3 Bf5 12.
Qa4+ Nd7 13. O-O $36 {Kortschnoj,V-Ashley,M,New York CITS,1996,CBM52.}) 8. d4
Bb7 9. Bd3 h6 10. O-O Nd7 11. Qe2 Bd6 12. Be4 Bxe4 13. Qe3 O-O 14. a4 e5 $10 {
Huebner,R-Sosonko,G,Polanica Zdroj,1995,CBM49.}) 7... b6 $6 {.7...e5,und 7...
c5 sind die Hauptvarianten.} (7... e5 $5 8. Nf3 exd4 9. Bg5 Qe6+ 10. Be2 f6 11.
Nxd4 Qf7 12. Bf4 Bc5 13. Nb3 Na6 14. Nxc5 Nxc5 15. Be3 Ne4 16. Bd3 f5 17. f3
Nf6 18. O-O O-O $13 {Salov,V-Yusupov,A,Madrid,1995,CBM47.}) (7... c5) 8. Be2 $5
{Ribli. Das scheint logischer als 8.Nf3. Weiss tauscht die beste schwarze
Figur.} Bb7 9. Bf3 Bxf3 10. Nxf3 Bd6 11. Qa4+ c6 12. O-O O-O {Ribli.Das war
schon in einer Partie Pilnik-Evans,New York 1949 gespielt.} 13. Rb1 $14 {
Ribli.Weiss hat Druck am Damenfluegel (halboffene b-Linie) und bis jetzt auch
keinen Nachteil aus dem Doppelbauern c3-c4.} Bc7 (13... Rc8 $2 14. Rxb6) (13...
Qd8 $5) 14. Re1 Rc8 (14... Qf5 15. Ba3 Rc8 16. Rbd1 b5 17. Qb3 Nd7 18. cxb5
cxb5 19. d5 $36 {Ballman,M-Burgess,M,WchJ Baguio,1987.}) 15. Ba3 Nd7 16. Rbd1
a6 (16... b5 $2 17. cxb5 Nb6 18. Qb3 cxb5 19. Qxb5 Nc4 20. Bc5) 17. d5 b5 18.
Qc2 $13 cxd5 19. cxd5 exd5 20. Rxd5 Qc6 $6 (20... Nf8 $5 {Ribli.Mit spaeterem
Ne6.}) (20... Nb6 21. Rf5 $36 (21. Rf5 Qg6 22. Nh4 Qc6 23. Rh5 g6 24. Nf5 $1
$40)) (20... Ba5 $2 21. Be7 (21. Rxd7 Rxc3 22. Qe4 $18) 21... Qxc3 22. Qxc3
Rxc3 23. Rxd7 Rxf3) 21. Rdd1 Re8 (21... Ba5 22. Rd6 (22. Re7) 22... Qxc3 23.
Qxc3 Rxc3 24. Rxa6 Rcc8) 22. Nd4 $14 {Ribli. Die Aktivitaet ist fuer Weiss
wichtiger als eine Schwachung auf c3.} Qf6 (22... Rxe1+ 23. Rxe1 Qc4 $14 (23...
Qg6 $4 {Kortschnoj} 24. Qxg6 hxg6 25. Re7 Rd8 26. Nc6 $18)) 23. Nf5 {Das ist
eine typische Position fuer Gulko. Mit aktivem Figurenspiel kompensiert er die
strategischen Nachteile. Es ist kein Zufall, dass er schon dreimal gegen
Kasparov gewonnen hat!} Re5 24. Ne7+ Kh8 25. c4 $13 (25. Nd5 {Kortschnoj} Qc6
26. Nxc7 Qxc7 27. Rxe5 (27. Qd2 Rxe1+ 28. Rxe1 Nf6 29. Re7 Qd8) 27... Qxe5 28.
c4 $14) 25... Rxe1+ (25... bxc4 26. Qxc4 Bb6 $5) 26. Rxe1 Qh4 (26... Qf4 27. g3
Qxc4 {Fuehrt zur Zugumstellung.}) (26... bxc4 27. Bb2 (27. Qxc4 $10) 27... Be5
(27... Qh4 $4 28. Bxg7+)) 27. g3 Qxc4 28. Qf5 Qc3 $6 (28... Qxa2 $5 29. Qxd7
Bb6) (28... Nf6 {Kortschnoj} 29. Rc1 Qxa2 30. Rxc7 Qxa3 31. Rc8+ $18) (28...
Nb6 {Kortschnoj} 29. Re4 Qxa2 30. Qxh7+ $18) 29. Re3 Qa1+ (29... Qd2 30. Nd5
Bb6 31. Nxb6 Nxb6 32. Qxf7 Qd1+ 33. Kg2 Qd5+ 34. Rf3 $14) 30. Kg2 $5 Nf6 (30...
Ne5) 31. Qc5 (31. Nd5 $5 {Kortschnoj} Ba5 $8 32. Re7) 31... Ba5 32. Nc8 $16 h6
33. Qc6 Rb8 34. Bd6 Rxc8 35. Qxc8+ $18 Kh7 {Ribli.Nur materiell steht Schwarz
nicht so schlecht, aber Weiss pflegt seinen Angriff.} 36. Qf5+ Kg8 37. Be5 Qxa2
38. Bxf6 gxf6 39. Re8+ Kg7 40. Qg4+ {Und Matt mit Qg8.} 1-0

[Event "WchT 4th"]
[Site "Luzern"]
[Date "1997.11.02"]
[Round "9.1"]
[White "Bareev, Evgeny"]
[Black "Chiburdanidze, Maia"]
[Result "1-0"]
[WhiteElo "2670"]
[BlackElo "2525"]
[Annotator "Ribli,Z"]
[PlyCount "81"]
[EventDate "1997.10.25"]
[EventType "team-tourn"]
[EventRounds "9"]
[EventCountry "SUI"]
[SourceTitle "CBM 062"]
[Source "ChessBase"]
[SourceDate "1998.01.31"]
[SourceVersion "1"]
[SourceVersionDate "1998.01.31"]
[SourceQuality "1"]
[WhiteTeam "Russia"]
[BlackTeam "Georgia (w)"]
[WhiteTeamCountry "RUS"]
[BlackTeamCountry "GEO"]

1. c4 {Konikowski,J} Nf6 2. Nc3 e6 3. e4 d5 (3... c5 4. e5 Ng8 5. Nf3 Nc6 6. d4
cxd4 7. Nxd4 Nxe5 8. Ndb5 $44 {Das ist eine andere Hauptvariante, in der Weiß
für den Bauern starken positionellen Druck auf den schwarzen Feldern ausüben
kann. Ribli.}) 4. e5 d4 5. exf6 dxc3 6. bxc3 Qxf6 7. Nf3 {Weiß wählt eine
seltene, aber giftige Fortsetzung.} e5 8. Bd3 (8. Qe2 Nc6 9. d4 Bg4 10. d5 Bxf3
11. gxf3 Ne7 12. Rb1 b6 13. h4 Ng6 14. Qe4 Bc5 15. Bg5 Qd6 16. h5 Ne7 17. Bxe7
Kxe7 18. f4 f6 {0-1 Kansky,P-Sleich,J/Decin op 1996 (37)}) (8. d4 {Konikowski,J
} exd4 9. cxd4 Bb4+ 10. Bd2 Bxd2+ 11. Qxd2 O-O $11) 8... Bd6 (8... Na6) 9. O-O
(9. Be4 {Konikowski,J} O-O 10. O-O Nc6 11. Qc2 $14) 9... Nc6 $6 {Diese
schablonenhafte Springerentwicklung gefallt mir nicht. Mit 9...Na6, und
späterem ...Nc5 bieten sich Schwarz bessere Ausgleichschancen. Ribli.} (9...
Nd7 {Konikowski,J} 10. Re1 $11) 10. Re1 (10. Rb1 $5 O-O 11. Qc2 h6 12. Be4 Qe6
13. d3 Nd8 14. d4 $5 Qxc4 15. Bd3 Qe6 16. Re1 $44 {1-0 Gelfand,B-Yegiazarian,A/
Erevan olm 1996 (48)}) 10... O-O 11. Qc2 h6 (11... Kh8 12. Be4 {[%csl Ge4]}) (
11... g6 $6 {Dieser Zug schwächt die schwarzen Feldern am Königsflügel. Ribli.}
) 12. Be4 {[%csl Ge4] Das ist ein großer Unterschied. In der Variante ...
Na6-Nc5 steht der Läufer nicht so überzeugend auf e4 wie in unserer Partie.
Ribli.} Be6 $146 (12... Bd7 13. Bb2 (13. Rb1 {Konikowski,J} b6 14. d4 Rae8 15.
c5 bxc5 16. d5 Ne7 17. Rb7 a5 18. Nd2 Qh4 19. Nc4 Bc8 20. g3 Qg4 21. Ne3 Qh5
22. Ra7 f5 23. Bh1 e4 $13 {Sunye Neto,J-Juarez Flores,C/Manila izt 1990/})
13... Rae8 (13... Na5 14. c5 Bxc5 15. d4 exd4 16. cxd4 Bb6 17. d5 Qf4 18. Be5
Qg4 19. Bh7+ Kh8 20. Re4 Qxf3 21. gxf3 Kxh7 22. Bc3 {1-0 Kortschnoj,
V-Lepelletier,B/Cannes mT 1996/EXP 51}) 14. d4 b6 15. Re3 Na5 16. c5 $5 {[#]}
bxc5 17. dxe5 Rxe5 18. c4 Rfe8 19. Nxe5 Bxe5 20. Bxe5 Rxe5 21. Rae1 Re6 22. Qd2
{1-0 Sunye Neto,J-Ashley,M/New York CITS 1996/CBM 52/[Ribli]}) 13. Rb1 Rab8 (
13... Bxc4 $6 14. Rxb7 {Und Schwarz hat viele Schwächen am Damenflügel. Ribli.}
) 14. d3 Bf5 (14... Rfe8 $5) (14... Qe7 15. d4 {[%cal Ge1e7]} Bxc4 16. dxe5 Bc5
$14 (16... Nxe5 17. Nxe5 Bxe5 (17... Qxe5 18. Bh7+ $18) 18. f4 Bd6 (18... Qc5+
19. Be3 $18) 19. Bh7+ $18)) 15. d4 $1 $14 {Ein nützlicher Tempoverlust. Wenn
der schwarze Läufer auf e6 steht, wäre dieser Zug wegen Bxc4 nicht möglich.
Ribli.} Bxe4 16. Qxe4 exd4 17. cxd4 {[%csl Gc4,Gd4][%cal Ge1e8] Weiss hat die
bessere Figurenstellung und Übergewicht im Zentrum. Die schwarze Leichtfiguren
haben keine Festpunkte und sind angreifbar. Weiss hat starke Kontrolle über
die einzige offene Linie. Ribli.} b6 {Schwarz möchte seine Stellung befreien.
Der Textzug ist gegen 18.c4-c5gerichtet. Ribli.} 18. Bb2 {[%cal Gb2f6]} (18.
Qxc6 $4 Bxh2+ $19) 18... Na5 19. Qc2 (19. d5 {Nach meiner Meinung ist dieser
Zug zu direkt. Ribli.} Qg6 20. Qxg6 fxg6 $13 {[%csl Rc4] Trotz der
Doppelbauern in der g-Linie Schwarz hat auch Angriffspunktepunkte, besonders
den c4-Bauern. Ribli.}) 19... Qg6 (19... Rfe8 20. Qa4 {[%cal Ra4e8]} Rxe1+ 21.
Rxe1 $14 {[%cal Ge1e8]}) 20. Qa4 {Es ist besser für Weiß, seine lebendige Dame
auf dem Brett behalten. Die Dame steht aktiv auf a4,und verhindert 20...Rfe8.
Ribli.} (20. Qxg6 fxg6) 20... c5 21. d5 Qg4 {[%csl Rc4]} 22. Rbc1 Rbd8 23. h3
Qd7 24. Qc2 {Wie im 20.Zug - Weiß tauscht die Damen nicht. Jetzt hat Weiss
positionellen Druck am Königsflügel dank der Unterstützung durch den Läufers
auf b2, weil der schwarze Springer auf a5 unglücklich steht. Ribli.} Rfe8 25.
Nh4 $1 {[%csl Gh4][%cal Rh4f5]} Rxe1+ 26. Rxe1 Re8 27. Rxe8+ Qxe8 28. Kf1 $5 {
Ein guter prophylaktischer Zug, der die Dame von der Verteidigung der
Grundreihe befreit. Das Material ist reduziert, aber Schwarz hat besonders am
Königsflügel Schwierigkeiten. Ribli.} Be5 $2 (28... Nb7 $8 {Bringt den
Springer ins Spiel und verteidigt sich gegen die Drohung 29.Bxg7 Kxg7 30.Nf5+,
denn der Läufer auf d6 ist gedeckt. Ribli.} 29. Nf5 Bf8 30. Qc3 f6 $14) 29. Qe2
$16 {[%cal Re2e8] Diese Fesselung scheint tödlich für Schwarz. Ribli.} (29.
Bxe5 $5 {Konikowski,J} Qxe5 30. Nf3 Qf4 31. Nd2 Kf8 (31... Qd4 32. Ke2 $14) 32.
Qd3 $14) 29... Nxc4 $8 (29... f6 30. f4 $18) 30. Bxe5 Nxe5 (30... Qxe5 31. Qxc4
$18) 31. f4 {[%cal Re2e8]} Qd8 (31... Qe7 32. Nf5 $18) 32. Qxe5 Qxh4 {Es
scheint, als könne Schwarz mit dem Mehrbauern im Damenendspiel zufrieden sein.
In Wahrheit ist, wie in Endspielen üblich, nicht die Quantität, sondern die
Qualität der Bauern wichtig. In unserer Stellung fesselt der weiße Freibauer
auf d5 die schwarze Stellung, was großen Vorteil für Weiß bedeutet. Ribli.} 33.
Qe8+ Kh7 34. Qe4+ {Alles geht mit Schach. Weiss verbessert seine Damenstellung.
Ribli.} (34. Qxf7 {Konikowski,J} Qg3 $132) 34... f5 $5 {Schwarz opfert einen
Bauern, um sich zu befreien, aber seine Stellung ist kaum zu halten. Ribli.} (
34... Kg8 35. d6 {[%csl Gd6][%cal Rd6d8]} Qd8 (35... Kf8 36. Qa8+ $18 {Darum
steht die weiße Dame besser auf e4 als auf e5,was der Grund des Zuges 33.Qe8
und 34.Qe4 war. Ribli.}) 36. Qe7 $18) (34... g6 $142 $5 {Konikowski,J}) 35.
Qxf5+ Kg8 36. d6 Qd8 37. d7 $18 {[%csl Gd7] Die stärkste Figur, die Dame,
spielt eine sehr passive Rolle. Sie muß einen Freibauern blockieren. Ribli.} c4
38. g4 {Am einfachsten! Die weiße Drohung ist 39.g5 nebst 40.g6 mit Mattnetz.
Schwarz ist komplett gefesselt. Ribli.} (38. Qb5 $5 {Konikowski,J} Kf8 (38...
Kh7 39. Qc6 $18) 39. Qb4+ Kf7 40. Qxc4+ Ke7 41. Qd4 Kf7 42. f5 $18) 38... c3
39. Ke2 {Der weiße König hält den c-Bauern. Ribli.} b5 (39... c2 40. Kd2 Qc7
41. Kc1 $18) 40. Qxb5 Kf7 41. Kd3 {Schwarz gab auf, denn er verliert seinen
c-Bauern und mit zwei Minusbauern ist die Stellung hoffnungslos, nachdem er
auch das Bauernendspiel verlieren würde. Ribli.} (41. Kd3 Ke7 42. Kxc3 (42.
Qc5+ {Konikowski,J} Kxd7 43. Qd5+ Kc7 44. Qxd8+ Kxd8 45. Kxc3 $18) 42... Qxd7
43. Qxd7+ Kxd7 44. Kd4 $18) 1-0